La esencia del cristianismo / (Record no. 75931)

MARC details
000 -LEADER
campo de control de longitud fija 00684nam a2200217 i 4500
001 - NÚMERO DE CONTROL
campo de control 75931
003 - IDENTIFICADOR DE NÚMERO DE CONTROL
campo de control ES-MaACL
005 - FECHA Y HORA DE LA ÚLTIMA TRANSACCIÓN
campo de control 20250801034158.0
007 - CAMPO FIJO DE DESCRIPCIÓN FÍSICA--INFORMACIÓN GENERAL
campo de control de longitud fija t|
008 - DATOS DE LONGITUD FIJA--INFORMACIÓN GENERAL
campo de control de longitud fija 040928s1945 sp |||| | spa d
100 1# - ENTRADA PRINCIPAL--NOMBRE DE PERSONA
Nombre de persona Guardini, Romano.
9 (RLIN) 60319
245 13 - MENCIÓN DEL TÍTULO
Título La esencia del cristianismo /
Mención de responsabilidad, etc. Romano Guardini ; versión del alemán por Felipe González Vicén.
260 ## - PUBLICACIÓN, DISTRIBUCIÓN, ETC.
Lugar de publicación, distribución, etc. Madrid :
Nombre del editor, distribuidor, etc. Nueva Epoca,
Fecha de publicación, distribución, etc. 1945 (
Fabricante Uguina)
300 ## - DESCRIPCIÓN FÍSICA
Extensión 80 p. ;
Dimensiones 25 cm.
490 1# - MENCIÓN DE SERIE
Mención de serie La obra del espíritu
650 07 - PUNTO DE ACCESO ADICIONAL DE MATERIA--TÉRMINO DE MATERIA
Término de materia o nombre geográfico como elemento de entrada Cristianismo
Fuente del encabezamiento o término embne
9 (RLIN) 11425
700 1# - ENTRADA AGREGADA--NOMBRE PERSONAL
Nombre de persona González Vicen, Felipe.
9 (RLIN) 59017
830 0# - PUNTO DE ACCESO ADICIONAL DE SERIE-TÍTULO UNIFORME
Título uniforme La obra del espíritu
9 (RLIN) 185672
852 ## - LOCALIZACIÓN
Ubicación ES-MaACL
Número de control de estantería 1634-F-16
Holdings
Estatus retirado Estado de pérdida Estado de daño No para préstamo Colección Biblioteca de origen Biblioteca actual Ubicación en estantería Fecha de adquisición Fuente de adquisición Total de préstamos Signatura topográfica completa Código de barras Visto por última vez Precio de reemplazo Tipo de ítem Koha
        Colección de folletos Biblioteca del Ateneo de Madrid Biblioteca del Ateneo de Madrid Depósito folletos 17/01/2008     1634-F-16 1079470 23/02/2023 23/02/2023 Folleto